<?xml version="1.0" encoding="UTF-8"?>
<collection xmlns="http://www.loc.gov/MARC21/slim">
    <record>
        <controlfield tag="001">31723</controlfield>
        <controlfield tag="005">20160204081421.0</controlfield>
        <datafield tag="037" ind1=" " ind2=" ">
            <subfield code="a">TAZ-TFG-2015-1861</subfield>
        </datafield>
        <datafield tag="041" ind1=" " ind2=" ">
            <subfield code="a">spa</subfield>
        </datafield>
        <datafield tag="100" ind1="1" ind2=" ">
            <subfield code="a">Campillo Pérez, David</subfield>
        </datafield>
        <datafield tag="245" ind1="0" ind2="0">
            <subfield code="a">Síntesis y estudio estructural de complejos con enlace Pt-M</subfield>
        </datafield>
        <datafield tag="260" ind1=" " ind2=" ">
            <subfield code="a">Zaragoza</subfield>
            <subfield code="b">Universidad de Zaragoza</subfield>
            <subfield code="c">2015</subfield>
        </datafield>
        <datafield tag="500" ind1=" " ind2=" ">
            <subfield code="a">Resumen disponible también en inglés.</subfield>
        </datafield>
        <datafield tag="506" ind1=" " ind2=" ">
            <subfield code="a">by-nc-sa</subfield>
            <subfield code="b">Creative Commons</subfield>
            <subfield code="c">3.0</subfield>
            <subfield code="u">http://creativecommons.org/licenses/by-nc-sa/3.0/</subfield>
        </datafield>
        <datafield tag="520" ind1=" " ind2=" ">
            <subfield code="a">Se ha llevado a cabo la síntesis y estudio estructural de complejos clúster con enlaces Pt→M utilizando como sustratos de partida complejos planocuadrados de Pt(II) con ligando ciclometalado CNC y ligandos auxiliares X de tipo aniónico (X = Cl- y CN-). En los complejos estudiados este enlace se establece entre un metal básico, rico en densidad electrónica (Pt(II)) y un metal deficiente en electrones, ácido de Lewis.  En concreto, se ha estudiado la reactividad de los complejos de Pt(II) nombrados con metales ácidos como Ag(I), Tl(I) y Pb(II), con el propósito de obtener clústeres con enlace dador-aceptor. Además, los ligandos aniónicos de los complejos de partida planocuadrados de Pt(II) favorecen la formación del enlace Pt→M porque el centro metálico de Pt(II) es más rico en densidad electrónica que en complejos análogos con ligandos neutros. Por otra parte, los ligandos utilizados en los complejos de partida tienen la capacidad de formar puentes entre centros metálicos, pudiendo formar clústeres de nuclearidad variada y con complejidad desde el punto de vista estructural (como tetranucleares, octanucleares y cadenas).  Los complejos obtenidos se han caracterizado mediante espectroscopia de infrarrojo y resonancia magnética multinuclear así como por difracción de rayos X.</subfield>
        </datafield>
        <datafield tag="521" ind1=" " ind2=" ">
            <subfield code="a">Graduado en Química</subfield>
        </datafield>
        <datafield tag="540" ind1=" " ind2=" ">
            <subfield code="a">Derechos regulados por licencia Creative Commons</subfield>
        </datafield>
        <datafield tag="700" ind1=" " ind2=" ">
            <subfield code="a">Martín Tello, Antonio</subfield>
            <subfield code="e">dir.</subfield>
        </datafield>
        <datafield tag="700" ind1=" " ind2=" ">
            <subfield code="a">Belío Becerril, Úrsula</subfield>
            <subfield code="e">dir.</subfield>
        </datafield>
        <datafield tag="710" ind1="2" ind2=" ">
            <subfield code="a">Universidad de Zaragoza</subfield>
            <subfield code="b">Química Inorgánica</subfield>
            <subfield code="c">Química Inorgánica</subfield>
        </datafield>
        <datafield tag="856" ind1="0" ind2=" ">
            <subfield code="f">645992@celes.unizar.es</subfield>
        </datafield>
        <datafield tag="856" ind1="4" ind2=" ">
            <subfield code="s">3609728</subfield>
            <subfield code="u">http://zaguan.unizar.es/record/31723/files/TAZ-TFG-2015-1861.pdf</subfield>
            <subfield code="y">Memoria (spa)</subfield>
        </datafield>
        <datafield tag="909" ind1="C" ind2="O">
            <subfield code="o">oai:zaguan.unizar.es:31723</subfield>
            <subfield code="p">driver</subfield>
            <subfield code="p">trabajos-fin-grado</subfield>
        </datafield>
        <datafield tag="950" ind1=" " ind2=" ">
            <subfield code="a"></subfield>
        </datafield>
        <datafield tag="951" ind1=" " ind2=" ">
            <subfield code="a">deposita:2015-08-25</subfield>
        </datafield>
        <datafield tag="980" ind1=" " ind2=" ">
            <subfield code="a">TAZ</subfield>
            <subfield code="b">TFG</subfield>
            <subfield code="c">CIEN</subfield>
        </datafield>
    </record>

    
</collection>